| 000 | 01672nam a22003617a 4500 | ||
|---|---|---|---|
| 001 | 991003000329706706 | ||
| 003 | ES-BaIT | ||
| 005 | 20260422120943.0 | ||
| 008 | 081014s1942 spc|||| |||||||| ||spa | ||
| 035 | _a(ES-BaCBU).b40644455 | ||
| 040 |
_aES-BaBC _bcat _cES-BaBC |
||
| 080 | _a782.1.089.2 | ||
| 100 | 1 |
_aPascual Frutos, Luis, _d1872-1939 _938029 |
|
| 240 | 1 |
_aMolinos de viento. _sLlibret _9169280 |
|
| 245 | 1 | 0 |
_aMolinos de viento : _bopereta en un acto, dividido en tres cuadros, en prosa y verso / _coriginal de Luis Pascual Frutos ; música del maestro Pablo Luna |
| 260 |
_aBarcelona : _bAlas, _c1942 |
||
| 300 |
_a64 p. : _bretrats ; _c18 cm |
||
| 500 | _aRetrats de Vicente Simón, Luís Pascual Frutos, Pablo Luna i dos imatges de la representació | ||
| 500 | _aP17: D6, H11 i altres | ||
| 500 | _aEstrena 1910-12-2, Cervantes (Sevilla) | ||
| 500 | _aInclou repartiment | ||
| 593 |
_b16492 _cEnquadernació tela vermella. Enquadernat en col·lecció factícia: Colección / teatral / Teatro selecto / Varios Autores / No 16492 / a 16495 / A. S. [Artur Sedó ] _hArtur Sedó |
||
| 593 |
_b7460-N _cEnquadernat en col·lecció factícia sense títol. |
||
| 650 | 0 |
_aOperetes _xLlibrets _vLlibrets _968197 |
|
| 700 | 1 |
_aLuna, Pablo, _d1879-1942 _930241 |
|
| 830 |
_aNuestro teatro (Alas) _v3, 12 _9148626 |
||
| 856 | 4 | 2 |
_zFitxa del catàleg manual _uhttp://www.cdmae.cat/sedo/imgtitulos/046/P0001137.gif |
| 856 | 4 | 2 |
_zFitxa del catàleg manual _uhttp://www.cdmae.cat/sedo/imgtitulos/046/P0001142.gif |
| 907 |
_a.b40644455 _b09-07-20 _c14-10-08 _d14-10-08 _em _fa _g- _hspa _ispc _j0 _k0 |
||
| 908 |
_aBC _aCLR _aCDMAE |
||
| 940 | _aBC | ||
| 942 |
_2udc _c1 |
||
| 999 |
_c137386 _d137386 |
||